[Event "World op 53rd"]
[Site "Philadephia"]
[Date "2025.07.05"]
[Round "6"]
[White "Preotu, Razvan"]
[Black "Katz, Alexander Ross"]
[Result "1-0"]
[WhiteElo "2463"]
[BlackElo "2355"]
[PlyCount "115"]
[EventDate "2025.07.03"]
[EventType "swiss"]
[EventRounds "9"]
[EventCountry "USA"]
[SourceTitle "CB28_2025"]
[SourceDate "2025.07.09"]
[SourceVersion "1"]
[SourceVersionDate "2025.07.09"]
[SourceQuality "1"]

1. Nf3 Nf6 2. c4 e6 3. Nc3 d5 4. e3 Bd6 5. b3 0-0 6. Bb2 Nbd7 7. Qc2 c6 8. Be2 Re8 9. d4 b6 10. 0-0 Bb7 11. Rad1 Qe7 12. Rfe1 Rac8 13. Bf1 c5 14. cxd5 cxd4 15. Nxd4 Nxd5 16. Ndb5 Be5 17. Qd2 Nxc3 18. Bxc3 Bxc3 19. Nxc3 Red8 20. e4 Nf6 21. Qe3 h6 22. f3 Rxd1 23. Rxd1 Rd8 24. Rc1 e5 25. Nb5 Ba6 26. Rc7 Rd7 27. Qc3 Bxb5 28. Rc8+ Kh7 29. Bxb5 Rd1+ 30. Kf2 Qa3 31. Qxe5 Qxa2+ 32. Kg3 Rd2 33. Bf1 Qb2 34. Qxb2 Rxb2 35. e5 Nh5+ 36. Kg4 g6 37. Rc7 Kg8 38. g3 Ng7 39. Rc8+ Kh7 40. Bc4 Ne6 41. Bxe6 fxe6 42. Rc7+ Kg8 43. Rxa7 Kf8 44. f4 Rxh2 45. Rb7 Rb2 46. Rxb6 Kf7 47. Rb7+ Kg8 48. b4 Rb3 49. b5 Kh8 50. b6 Kg8 51. Kh3 Kh8 52. Rb8+ Kg7 53. b7 Rb2 54. g4 Rb3+ 55. Kg2 Rb2+ 56. Kf1 Rb1+ 57. Ke2 Rb2+ 58. Kd3 1-0

[Event "World op 53rd"]
[Site "Philadephia"]
[Date "2025.07.04"]
[Round "4"]
[White "Preotu, Razvan"]
[Black "Pierrot, Juan Facundo"]
[Result "1-0"]
[WhiteElo "2463"]
[BlackElo "2256"]
[PlyCount "106"]
[EventDate "2025.07.03"]
[EventType "swiss"]
[EventRounds "9"]
[EventCountry "USA"]
[SourceTitle "CB28_2025"]
[SourceDate "2025.07.09"]
[SourceVersion "1"]
[SourceVersionDate "2025.07.09"]
[SourceQuality "1"]

1. Nf3 e6 2. e4 c5 3. d4 cxd4 4. Nxd4 Nf6 5. Nc3 Nc6 6. Nxc6 bxc6 7. e5 Nd5 8. Ne4 Qc7 9. f4 Qb6 10. c4 Bb4+ 11. Ke2 Ba6 12. Kf3 f5 13. exf6 Nxf6 14. Be3 Qa5 15. Nxf6+ gxf6 16. a3 Be7 17. b4 Qh5+ 18. Kf2 Qxd1 19. Rxd1 Bb7 20. Be2 a5 21. Bh5+ Kd8 22. Bb6+ Kc8 23. Bxa5 c5 24. Rd3 cxb4 25. axb4 Bd8 26. Ra1 f5 27. Rda3 Bf6 28. R1a2 Bd4+ 29. Kf1 e5 30. fxe5 Bxe5 31. Bf3 Rg8 32. Bxb7+ Kxb7 33. Rh3 Rg4 34. Rxh7 Rxc4 35. Rxd7+ Kc6 36. Rh7 Re8 37. Rh6+ Kd5 38. Rd2+ Bd4 39. g3 f4 40. Bb6 fxg3 41. Rh5+ Ke4 42. Rxd4+ Rxd4 43. Bxd4 g2+ 44. Kxg2 Kxd4 45. b5 Re2+ 46. Kf3 Rb2 47. h4 Rb1 48. Rg5 Rf1+ 49. Kg4 Ke4 50. b6 Rb1 51. Rg6 Ke5 52. Kg5 Rb2 53. h5 Rb1 1-0

[Event "CAN-ch"]
[Site "Toronto"]
[Date "2025.04.21"]
[Round "7"]
[White "Preotu, Razvan"]
[Black "Ng, Gary"]
[Result "1-0"]
[WhiteElo "2470"]
[BlackElo "2210"]
[PlyCount "71"]
[EventDate "2025.04.18"]
[EventType "swiss"]
[EventRounds "9"]
[EventCountry "CAN"]
[SourceTitle "CB17_2025"]
[SourceDate "2025.04.23"]
[SourceVersion "1"]
[SourceVersionDate "2025.04.23"]
[SourceQuality "1"]

1. e4 c6 2. d4 d5 3. e5 c5 4. dxc5 e6 5. Qh5 Bxc5 6. Bd3 Qb6 7. Nh3 Nc6 8. c3 Qc7 9. Bf4 Nge7 10. b4 Bb6 11. 0-0 Ng6 12. Bg3 a5 13. Na3 axb4 14. Nb5 Qe7 15. Nd6+ Kf8 16. Rae1 Bd7 17. c4 dxc4 18. Bxc4 Ra3 19. Ng5 Rxg3 20. hxg3 Ncxe5 21. Ndxf7 Nxc4 22. Nxh8 Nxh8 23. Re4 Nd6 24. Rf4+ Nf5 25. g4 h6 26. gxf5 Qxg5 27. Qxg5 hxg5 28. Rxb4 Ba5 29. Rxb7 Be8 30. fxe6 Ng6 31. Rc1 Nf4 32. e7+ Kf7 33. Rc5 Bd2 34. Rf5+ Kg6 35. Rf8 Bc6 36. Rb6 1-0

[Event "Toronto Hart House op"]
[Site "Toronto"]
[Date "2025.02.15"]
[Round "1"]
[White "Moses, Neil"]
[Black "Preotu, Razvan"]
[Result "0-1"]
[WhiteElo "2135"]
[BlackElo "2483"]
[PlyCount "104"]
[EventDate "2025.02.15"]
[EventType "swiss"]
[EventRounds "6"]
[EventCountry "CAN"]
[SourceTitle "CB09_2025"]
[SourceDate "2025.02.27"]
[SourceVersion "1"]
[SourceVersionDate "2025.02.27"]
[SourceQuality "1"]

1. e4 c5 2. Nf3 d6 3. Bb5+ Bd7 4. Bxd7+ Nxd7 5. c4 Ne5 6. Nxe5 dxe5 7. Qa4+ Qd7 8. Qxd7+ Kxd7 9. d3 e6 10. Be3 Bd6 11. Nc3 Ne7 12. Na4 b6 13. a3 Nc6 14. Rb1 Rhb8 15. Kd2 f5 16. f3 Nd4 17. Nc3 f4 18. Bf2 a6 19. Bxd4 cxd4 20. Na2 b5 21. cxb5 Rxb5 22. b4 a5 23. Rb2 axb4 24. axb4 Rb7 25. Rc1 g5 26. h3 h5 27. Ke2 Rba7 28. Rcc2 Rg8 29. Nc1 g4 30. hxg4 hxg4 31. fxg4 Rxg4 32. Kf2 Rg3 33. Rb3 Be7 34. b5 Bh4 35. Kg1 Re3 36. Ne2 Ra1+ 37. Kh2 Bf2 38. Rc1 Bg3+ 39. Kh3 Be1+ 40. Kh2 Rxc1 41. Nxc1 Kc7 42. b6+ Kb7 43. Rb1 Bg3+ 44. Kh3 Re1 45. Kg4 Rf1 46. Ra1 Kxb6 47. Nb3 Rxa1 48. Nxa1 Kb5 49. Nb3 Kb4 50. Nd2 Kc3 51. Nc4 Kxd3 52. Nxe5+ Kxe4 0-1

[Event "Calgary op 15th"]
[Site "Calgary"]
[Date "2024.12.28"]
[Round "4"]
[White "Chandra, Anand Rishi"]
[Black "Preotu, Razvan"]
[Result "0-1"]
[WhiteElo "2162"]
[BlackElo "2475"]
[PlyCount "138"]
[EventDate "2024.12.26"]
[EventType "swiss"]
[EventRounds "9"]
[EventCountry "CAN"]
[SourceTitle "CB02_2025"]
[SourceDate "2025.01.08"]
[SourceVersion "1"]
[SourceVersionDate "2025.01.08"]
[SourceQuality "1"]

1. e4 c6 2. Nf3 d5 3. d3 Qc7 4. Nc3 dxe4 5. dxe4 e5 6. Bc4 b5 7. Bb3 h6 8. 0-0 Nf6 9. Re1 Be7 10. a3 0-0 11. Nh4 Bg4 12. Qd3 Nh5 13. Ng6 Rd8 14. Nxe7+ Qxe7 15. Qe3 Nd7 16. h3 Be6 17. Bxe6 Qxe6 18. Qf3 Nhf6 19. Be3 a5 20. Ne2 Ne8 21. Ng3 Ndf6 22. Rad1 Qc4 23. Rxd8 Rxd8 24. Bb6 Ra8 25. Qe2 Nd6 26. Qd1 Qe6 27. Bc5 Nc4 28. b3 Nd7 29. bxc4 Nxc5 30. cxb5 cxb5 31. Qd5 Qxd5 32. exd5 f6 33. Rb1 Rb8 34. Nf5 Kf8 35. Nd6 b4 36. Nc4 Rb5 37. Nd6 Rb8 38. Nc4 Na6 39. Nxa5 bxa3 40. Ra1 Nb4 41. Rxa3 Nxc2 42. Rc3 Nd4 43. Rc7 Rb5 44. d6 Rxa5 45. Rc8+ Kf7 46. d7 Ne6 47. d8Q Nxd8 48. Rxd8 f5 49. Rd6 f4 50. f3 Ra7 51. Rb6 Re7 52. Kf2 Re6 53. Rb4 g5 54. Re4 Kf6 55. Re2 Kf5 56. Rb2 Kg6 57. Rb8 Kh5 58. Rb2 Kh4 59. Rb5 h5 60. Rb8 Ra6 61. Rg8 Ra2+ 62. Kg1 e4 63. fxe4 g4 64. hxg4 hxg4 65. e5 Kg3 66. Kf1 Rf2+ 67. Ke1 Rxg2 68. e6 f3 69. Kf1 Ra2 0-1

[Event "Calgary op 15th"]
[Site "Calgary"]
[Date "2024.12.27"]
[Round "3"]
[White "Preotu, Razvan"]
[Black "Keleberda, Timur"]
[Result "1-0"]
[WhiteElo "2475"]
[BlackElo "2296"]
[PlyCount "115"]
[EventDate "2024.12.26"]
[EventType "swiss"]
[EventRounds "9"]
[EventCountry "CAN"]
[SourceTitle "CB02_2025"]
[SourceDate "2025.01.08"]
[SourceVersion "1"]
[SourceVersionDate "2025.01.08"]
[SourceQuality "1"]

1. e4 e6 2. d4 a6 3. Nf3 d5 4. Nc3 Nf6 5. e5 Nfd7 6. Ne2 c5 7. c3 Nc6 8. g3 Qa5 9. Bd2 Qb6 10. Bg2 cxd4 11. cxd4 Qxb2 12. 0-0 Qa3 13. Qb1 b5 14. Rc1 Bb7 15. Rc3 Qe7 16. Bg5 Qb4 17. Qc1 Rc8 18. a4 Nb6 19. axb5 axb5 20. Qd1 Ra8 21. Rxa8+ Bxa8 22. Rb3 Qa5 23. Bd2 b4 24. Rb1 Bb7 25. Ra1 Qb5 26. Nf4 Nc4 27. Ng5 Nd8 28. Bf1 g6 29. Rb1 h6 30. Nxf7 Nxf7 31. Nxg6 Rg8 32. Nxf8 Rxf8 33. Bxb4 Rg8 34. Bc5 Qd7 35. Qb3 Nd8 36. Be2 Kf7 37. Qf3+ Ke8 38. Qf6 Qg7 39. Qh4 Qg5 40. Qh3 Qf5 41. Qxf5 exf5 42. e6 Nxe6 43. Rxb7 Rg7 44. Bh5+ Kd8 45. Rxg7 Nxg7 46. Bf7 Kd7 47. Bxd5 Nd6 48. Kg2 Nge8 49. Bb3 Nf6 50. Bc2 Nde4 51. Bf8 h5 52. f3 Nd6 53. Kh3 f4 54. Bxd6 Kxd6 55. Bb3 fxg3 56. hxg3 Ne8 57. Kh4 Nc7 58. Bc4 1-0

[Event "Calgary op 15th"]
[Site "Calgary"]
[Date "2024.12.26"]
[Round "1"]
[White "Preotu, Razvan"]
[Black "Arruebarrena Rodriguez, Rafael"]
[Result "1-0"]
[WhiteElo "2475"]
[BlackElo "2093"]
[PlyCount "77"]
[EventDate "2024.12.26"]
[EventType "swiss"]
[EventRounds "9"]
[EventCountry "CAN"]
[SourceTitle "CB02_2025"]
[SourceDate "2025.01.08"]
[SourceVersion "1"]
[SourceVersionDate "2025.01.08"]
[SourceQuality "1"]

1. e4 c5 2. Nf3 e6 3. c3 Nf6 4. e5 Nd5 5. d4 cxd4 6. cxd4 d6 7. Bc4 Be7 8. 0-0 0-0 9. Qe2 b6 10. Rd1 Bb7 11. Bxd5 exd5 12. Nc3 Na6 13. Be3 Nc7 14. Qc2 Qd7 15. a4 Rfc8 16. Qb3 Rab8 17. Bf4 Bf8 18. Nb5 Nxb5 19. axb5 Qf5 20. Bg3 dxe5 21. Rxa7 Ba8 22. Nxe5 Rb7 23. Qa4 Rxa7 24. Qxa7 Qe6 25. h3 f6 26. Qd7 Re8 27. Qxe6+ Rxe6 28. Nd7 Bb4 29. Ra1 Re1+ 30. Rxe1 Bxe1 31. Nxb6 Bb7 32. Na4 Ba5 33. b6 Bc6 34. Bd6 Kf7 35. b4 Ke6 36. bxa5 Kxd6 37. Nc5 Bb5 38. a6 Kc6 39. a7 1-0

[Event "US Masters op"]
[Site "Charlotte"]
[Date "2024.11.30"]
[Round "6"]
[White "Mishra, Abhimanyu"]
[Black "Preotu, Razvan"]
[Result "1/2-1/2"]
[WhiteElo "2616"]
[BlackElo "2475"]
[PlyCount "133"]
[EventDate "2024.11.27"]
[EventType "swiss"]
[EventRounds "9"]
[EventCountry "USA"]
[SourceTitle "CB49_2024"]
[SourceDate "2024.12.04"]
[SourceVersion "1"]
[SourceVersionDate "2024.12.04"]
[SourceQuality "1"]

1. d4 Nf6 2. c4 g6 3. f3 Nc6 4. d5 Ne5 5. e4 d6 6. Nc3 Bg7 7. f4 Ned7 8. Nh3 0-0 9. Be2 c6 10. Nf2 cxd5 11. cxd5 b5 12. Bxb5 Nc5 13. Bc6 Rb8 14. 0-0 Ba6 15. Re1 Nfd7 16. Qc2 Qb6 17. Rd1 Bb7 18. Be3 Bxc6 19. dxc6 Qxc6 20. Rac1 Qb7 21. Nd5 Nb6 22. Bxc5 dxc5 23. Nxb6 axb6 24. e5 f6 25. f5 fxe5 26. fxg6 Bh6 27. Qb3+ Kg7 28. Qh3 hxg6 29. Rd7 Bxc1 30. Rxb7 Rxb7 31. Qc3 Bg5 32. Ne4 Rd7 33. g3 Bf6 34. Qf3 Rd4 35. Kg2 Bg5 36. Qe2 Bc1 37. h4 Rf5 38. b3 b5 39. Kh3 c4 40. bxc4 bxc4 41. a4 c3 42. Nxc3 e4 43. Nxe4 Re5 44. Qc2 Rexe4 45. Qxc1 Rxa4 46. h5 Ra6 47. Qc3+ Rf6 48. hxg6 Ree6 49. Qd4 Kxg6 50. Qd3+ Kg7 51. Qd4 Rd6 52. Qc3 Rd5 53. Qb2 Rg5 54. Qb7 Re6 55. Qc7 Rgg6 56. Qc3+ Kh7 57. Qf3 Ref6 58. Qe4 Rf7 59. Qd3 Rfg7 60. Qe4 Kh8 61. Qa8+ Rg8 62. Qa1+ Kh7 63. Qe5 Rxg3+ 64. Qxg3 Rxg3+ 65. Kxg3 Kg7 66. Kf3 Kf7 67. Ke3 1/2-1/2

[Event "US Masters op"]
[Site "Charlotte"]
[Date "2024.11.29"]
[Round "4"]
[White "Nyzhnyk, Illya"]
[Black "Preotu, Razvan"]
[Result "1/2-1/2"]
[WhiteElo "2576"]
[BlackElo "2475"]
[PlyCount "49"]
[EventDate "2024.11.27"]
[EventType "swiss"]
[EventRounds "9"]
[EventCountry "USA"]
[SourceTitle "CB49_2024"]
[SourceDate "2024.12.04"]
[SourceVersion "1"]
[SourceVersionDate "2024.12.04"]
[SourceQuality "1"]

1. Nf3 c5 2. e4 d6 3. Bb5+ Bd7 4. c4 Nc6 5. d4 cxd4 6. Nxd4 g6 7. Nc3 Bg7 8. Be3 Nf6 9. h3 0-0 10. 0-0 a6 11. Bxc6 Bxc6 12. Qd3 Nd7 13. Rfd1 Nc5 14. Qc2 Rc8 15. Rac1 Bd7 16. Qe2 Ne6 17. Nxe6 Bxe6 18. c5 Qa5 19. cxd6 exd6 20. a3 Rc6 21. Bd4 Bb3 22. Rd2 Bh6 23. Be3 Bg7 24. Bd4 Bh6 25. Be3 1/2-1/2

[Event "Olympiad-45"]
[Site "Budapest"]
[Date "2024.09.11"]
[Round "1.50"]
[White "Preotu, Razvan"]
[Black "Brookfield, Toby"]
[Result "1-0"]
[WhiteElo "2451"]
[BlackElo "1872"]
[PlyCount "101"]
[EventDate "2024.09.11"]
[EventType "team-swiss"]
[EventRounds "11"]
[EventCountry "HUN"]
[SourceTitle "EXT 2025"]
[Source "ChessBase"]
[SourceDate "2024.10.14"]
[SourceVersion "1"]
[SourceVersionDate "2024.10.14"]
[SourceQuality "1"]
[WhiteTeam "Canada"]
[BlackTeam "Guernsey"]
[WhiteTeamCountry "CAN"]
[BlackTeamCountry "GCI"]

1. e4 c5 2. Nf3 d6 3. d4 cxd4 4. Nxd4 Nf6 5. Nc3 g6 6. Be3 Bg7 7. f3 0-0 8. Qd2 Nc6 9. 0-0-0 Nxd4 10. Bxd4 Be6 11. Kb1 Qc7 12. g4 Rfc8 13. h4 Qa5 14. a3 Rab8 15. h5 b5 16. h6 b4 17. Nb5 Bh8 18. Qxb4 Qxb4 19. axb4 a6 20. Na7 Rc7 21. b5 axb5 22. Nxb5 Rcb7 23. c4 Nd7 24. Bxh8 Kxh8 25. Be2 Ne5 26. b3 g5 27. Kc2 f6 28. Ra1 Kg8 29. Ra3 Kf7 30. Nd4 Bd7 31. Rha1 Kg6 32. Ra8 Rxa8 33. Rxa8 Nc6 34. Nf5 Bxf5 35. exf5+ Kxh6 36. Kc3 Kg7 37. Bd3 Ne5 38. Be4 Rc7 39. Bd5 h5 40. gxh5 Nd7 41. Re8 Nb6 42. Be6 d5 43. c5 Rxc5+ 44. Kb4 Rc7 45. Kb5 Rc3 46. Kxb6 Rxb3+ 47. Kc6 Rxf3 48. Kd7 d4 49. Kxe7 d3 50. Rg8+ Kh6 51. Kxf6 1-0

[Event "Montreal Maplewood Cup"]
[Site "Montreal"]
[Date "2024.06.02"]
[Round "6"]
[White "Preotu, Razvan"]
[Black "Lalonde, Olivier"]
[Result "1-0"]
[WhiteElo "2451"]
[BlackElo "1930"]
[PlyCount "99"]
[EventDate "2024.05.31"]
[EventType "swiss"]
[EventRounds "6"]
[EventCountry "CAN"]
[SourceTitle "CBM 220 Extra"]
[Source "ChessBase"]
[SourceDate "2024.07.31"]
[SourceVersion "1"]
[SourceVersionDate "2024.07.31"]
[SourceQuality "1"]

1. e4 c5 2. Nf3 d6 3. d4 cxd4 4. Nxd4 Nf6 5. Nc3 Nc6 6. Bg5 Bd7 7. Qd2 Nxd4 8. Qxd4 Qa5 9. f4 Rc8 10. 0-0-0 h6 11. Bh4 g5 12. e5 gxh4 13. exf6 e6 14. Be2 Rg8 15. Bf3 Bc6 16. Qd3 Rg6 17. f5 Qxf5 18. Qxf5 exf5 19. Rhe1+ Kd8 20. Nd5 Bxd5 21. Rxd5 Rxf6 22. Ra5 Kc7 23. Rxa7 Rb8 24. Re3 d5 25. Bxd5 Ra6 26. Rc3+ Kd6 27. Rxb7 Rxb7 28. Bxb7 Rxa2 29. Kb1 Ra5 30. Rb3 Re5 31. h3 Kd7 32. Bf3 Kc8 33. Rb7 Be7 34. c3 Re3 35. Rb5 Kc7 36. Rxf5 Bg5 37. Rxf7+ Kb6 38. Kc2 Re1 39. b4 Rc1+ 40. Kb3 Bd2 41. Rb7+ Ka6 42. Rc7 Be1 43. Kb2 Bd2 44. Rd7 Bg5 45. Rd1 Rxd1 46. Bxd1 Kb5 47. Kb3 Kc6 48. c4 Kd6 49. c5+ Kd5 50. Kc3 1-0

[Event "Montreal Maplewood Cup"]
[Site "Montreal"]
[Date "2024.06.01"]
[Round "2"]
[White "Derraugh, Geordie"]
[Black "Preotu, Razvan"]
[Result "0-1"]
[WhiteElo "2177"]
[BlackElo "2451"]
[PlyCount "60"]
[EventDate "2024.05.31"]
[EventType "swiss"]
[EventRounds "6"]
[EventCountry "CAN"]
[SourceTitle "CBM 220 Extra"]
[Source "ChessBase"]
[SourceDate "2024.07.31"]
[SourceVersion "1"]
[SourceVersionDate "2024.07.31"]
[SourceQuality "1"]

1. d4 Nf6 2. c4 g6 3. Nc3 d5 4. Bf4 Bg7 5. e3 c5 6. dxc5 Qa5 7. cxd5 Nxd5 8. Bb5+ Bd7 9. Bxd7+ Nxd7 10. Qxd5 Bxc3+ 11. Kf1 Qb5+ 12. Ne2 Bg7 13. Rd1 Nxc5 14. f3 0-0 15. b3 Rfe8 16. e4 Qb6 17. Qc4 Red8 18. Rxd8+ Rxd8 19. Be3 Rd1+ 20. Kf2 Rxh1 21. Bxc5 Qc7 22. Qb5 b6 23. Qe8+ Bf8 24. Be3 Qxh2 25. Bf4 Qh4+ 26. Bg3 Qg5 27. e5 e6 28. Bf4 Qh4+ 29. Ke3 Re1 30. Qa4 g5 0-1

[Event "Titled Tuesday intern op 28th May Late"]
[Site "Chess.com INT"]
[Date "2024.05.28"]
[Round "6"]
[White "Preotu, Razvan"]
[Black "Barria Zuniga, Daniel"]
[Result "1-0"]
[WhiteElo "2463"]
[BlackElo "2341"]
[PlyCount "77"]
[EventDate "2024.05.28"]
[EventType "swiss (blitz)"]
[EventRounds "11"]
[EventCountry "USA"]
[SourceTitle "EXT 2025"]
[Source "ChessBase"]
[SourceDate "2024.10.14"]
[SourceVersion "1"]
[SourceVersionDate "2024.10.14"]
[SourceQuality "1"]

1. e4 Nf6 2. e5 Nd5 3. d4 d6 4. c4 Nb6 5. f4 dxe5 6. fxe5 Bf5 7. Nc3 e6 8. Nf3 Bb4 9. Bd3 Bxd3 10. Qxd3 c5 11. d5 exd5 12. Bg5 Qd7 13. cxd5 Qxd5 14. Qxd5 Nxd5 15. 0-0-0 Ne7 16. Nb5 Na6 17. Nd6+ Kf8 18. Rhf1 h6 19. Bxe7+ Kxe7 20. Nh4 c4 21. Rxf7+ Ke6 22. Rxb7 Rhb8 23. Rxg7 c3 24. Rg6+ Kxe5 25. Nf3+ Kf4 26. Rf6+ Ke3 27. Nc4+ Kf2 28. Nh4+ Ke2 29. Re6+ Kf2 30. Rf6+ Ke2 31. bxc3 Bxc3 32. Rf3 Nb4 33. Re3+ Kf2 34. Rf3+ Ke2 35. Rdf1 Nxa2+ 36. Kc2 Nb4+ 37. Kxc3 Nd5+ 38. Kd4 Nb4 39. R3f2# 1-0

[Event "Titled Tuesday intern op 21st May Late"]
[Site "Chess.com INT"]
[Date "2024.05.21"]
[Round "1"]
[White "Preotu, Razvan"]
[Black "Micic, Aleksa"]
[Result "1/2-1/2"]
[WhiteElo "2463"]
[BlackElo "2223"]
[PlyCount "78"]
[EventDate "2024.05.21"]
[EventType "swiss (blitz)"]
[EventRounds "11"]
[EventCountry "USA"]
[SourceTitle "CBM 220 Extra"]
[Source "ChessBase"]
[SourceDate "2024.07.31"]
[SourceVersion "1"]
[SourceVersionDate "2024.07.31"]
[SourceQuality "1"]

1. e4 c5 2. Nf3 d6 3. d4 cxd4 4. Nxd4 Nf6 5. Nc3 g6 6. Be3 Bg7 7. f3 0-0 8. Qd2 Nc6 9. Bc4 Nxd4 10. Bxd4 Be6 11. Bb3 Qa5 12. 0-0-0 b5 13. Kb1 b4 14. Ne2 Qb5 15. Bxe6 fxe6 16. Qd3 Qxd3 17. cxd3 Nd7 18. Rc1 Rfc8 19. Bxg7 Kxg7 20. Nd4 Nc5 21. Rhd1 Kf7 22. Rc4 a5 23. Rdc1 Rcb8 24. Nc6 Rb6 25. Ne5+ Kg7 26. d4 Na6 27. Nc6 Kf7 28. Nxa5 Rb5 29. Nb3 g5 30. Rc8 Rxc8 31. Rxc8 e5 32. d5 e6 33. dxe6+ Kxe6 34. Rh8 Rb7 35. Kc2 Rc7+ 36. Kd2 Nc5 37. Nxc5+ dxc5 38. b3 Ra7 39. Kd3 Rxa2 1/2-1/2

[Event "Toronto Ontario op"]
[Site "Toronto"]
[Date "2024.05.19"]
[Round "4"]
[White "Preotu, Razvan"]
[Black "Sambuev, Bator"]
[Result "0-1"]
[WhiteElo "2463"]
[BlackElo "2455"]
[PlyCount "87"]
[EventDate "2024.05.18"]
[EventType "swiss"]
[EventRounds "6"]
[EventCountry "CAN"]
[SourceTitle "CBM 220 Extra"]
[Source "ChessBase"]
[SourceDate "2024.07.31"]
[SourceVersion "1"]
[SourceVersionDate "2024.07.31"]
[SourceQuality "1"]

1. c4 e5 2. g3 Nc6 3. Bg2 g6 4. Nc3 Bg7 5. d3 d6 6. Rb1 Nge7 7. b4 a6 8. Nf3 0-0 9. 0-0 Rb8 10. e3 h6 11. Nd5 Nxd5 12. cxd5 Ne7 13. Nd2 b5 14. Nb3 Bb7 15. Na5 Ba8 16. Qb3 Qd7 17. Bb2 c6 18. e4 Rbc8 19. h4 Rc7 20. Kh2 cxd5 21. exd5 h5 22. Rbe1 Rfc8 23. Bh3 Qe8 24. Nc6 f5 25. Nxe7+ Qxe7 26. Rc1 Bh6 27. Rce1 Qf7 28. Bg2 Rc2 29. Bf3 Bb7 30. Kg1 Kh7 31. Bd1 Bxd5 32. Qxc2 Rxc2 33. Bxc2 Bd2 34. Re2 Bxb4 35. f4 e4 36. dxe4 Qa7+ 37. Kh2 Bc4 38. Rff2 fxe4 39. Bxe4 d5 40. Bb1 Bxe2 41. Rxe2 d4 42. Re6 Bc3 43. Rxg6 Kh8 44. Bc1 0-1

[Event "Titled Tuesday intern op 30th Apr Late"]
[Site "Chess.com INT"]
[Date "2024.04.30"]
[Round "2"]
[White "Gonzalez Zharikov, Andrey"]
[Black "Preotu, Razvan"]
[Result "0-1"]
[WhiteElo "2037"]
[BlackElo "2470"]
[PlyCount "84"]
[EventDate "2024.04.30"]
[EventType "swiss (blitz)"]
[EventRounds "11"]
[EventCountry "USA"]
[SourceTitle "EXT 2025"]
[Source "ChessBase"]
[SourceDate "2024.10.14"]
[SourceVersion "1"]
[SourceVersionDate "2024.10.14"]
[SourceQuality "1"]

1. d4 Nf6 2. Nf3 g6 3. g3 Bg7 4. Bg2 0-0 5. 0-0 d5 6. c4 dxc4 7. Ne5 c5 8. dxc5 Qc7 9. Nxc4 Qxc5 10. Nba3 Nc6 11. Be3 Qh5 12. h4 Bg4 13. Re1 Rfd8 14. Qb3 Rab8 15. Qb5 Nd5 16. Rad1 a6 17. Qc5 Nxe3 18. Qxh5 Bxh5 19. Nxe3 Bxb2 20. Rxd8+ Rxd8 21. Nac4 Bc3 22. Rc1 Nd4 23. Bf1 Bb4 24. g4 b5 25. Ne5 Bd2 26. Rd1 Bxe3 27. fxe3 Nf3+ 28. exf3 Rxd1 29. gxh5 Ra1 30. hxg6 hxg6 31. Nc6 Rxa2 32. Nxe7+ Kf8 33. Nd5 Rb2 34. Nc7 Ra2 35. e4 b4 36. Nxa6 b3 37. Nb4 b2 38. Bd3 Ra1+ 39. Kf2 Rd1 40. Bc2 Rd2+ 41. Ke3 Rxc2 42. Nxc2 b1Q 0-1

[Event "Titled Tuesday intern op 30th Apr Late"]
[Site "Chess.com INT"]
[Date "2024.04.30"]
[Round "5"]
[White "Oparin, Grigoriy"]
[Black "Preotu, Razvan"]
[Result "1-0"]
[WhiteElo "2670"]
[BlackElo "2470"]
[PlyCount "61"]
[EventDate "2024.04.30"]
[EventType "swiss (blitz)"]
[EventRounds "11"]
[EventCountry "USA"]
[SourceTitle "EXT 2025"]
[Source "ChessBase"]
[SourceDate "2024.10.14"]
[SourceVersion "1"]
[SourceVersionDate "2024.10.14"]
[SourceQuality "1"]

1. Nc3 c5 2. e4 d6 3. Nf3 Nf6 4. a4 Nc6 5. Bb5 e5 6. 0-0 g6 7. Nd5 Nxd5 8. exd5 a6 9. Bxc6+ bxc6 10. dxc6 Bg7 11. Re1 0-0 12. c3 Bf5 13. d4 e4 14. Nd2 cxd4 15. Nxe4 d5 16. Ng3 dxc3 17. Nxf5 gxf5 18. bxc3 Bxc3 19. Bh6 Qf6 20. Bxf8 Rxf8 21. Rc1 Bxe1 22. Qxe1 Rc8 23. h3 Kg7 24. Rc5 Rxc6 25. Rxd5 f4 26. Qe4 Re6 27. Qf3 Qa1+ 28. Kh2 Qxa4 29. Qc3+ Kg6 30. h4 h6 31. Qh8 1-0

[Event "Titled Tuesday intern op 26th Dec Late"]
[Site "Chess.com INT"]
[Date "2023.12.26"]
[Round "4"]
[White "Preotu, Razvan"]
[Black "Terry, Renato"]
[Result "0-1"]
[WhiteElo "2459"]
[BlackElo "2522"]
[PlyCount "80"]
[EventDate "2023.12.26"]
[EventType "swiss (blitz)"]
[EventRounds "11"]
[EventCountry "USA"]
[SourceTitle "EXT 2025"]
[Source "ChessBase"]
[SourceDate "2024.10.14"]
[SourceVersion "1"]
[SourceVersionDate "2024.10.14"]
[SourceQuality "1"]

1. e4 c6 2. Nc3 d5 3. Nf3 g6 4. d4 Bg7 5. Bd3 Nh6 6. 0-0 f6 7. Re1 0-0 8. Qe2 e6 9. h3 Nf7 10. Be3 Nd7 11. Rad1 Nb6 12. Bc1 Bd7 13. Nb1 Re8 14. Nbd2 Nc8 15. c4 Ncd6 16. Qf1 Qc7 17. c5 Nc8 18. exd5 exd5 19. Rxe8+ Bxe8 20. Re1 Bd7 21. Qe2 a5 22. Nf1 b6 23. cxb6 Nxb6 24. Qc2 a4 25. Bd2 Qd6 26. a3 Be6 27. Bb4 Qd7 28. Rc1 Nc4 29. N1d2 Bh6 30. Re1 Ncd6 31. Nb1 Bf5 32. Nc3 Bxd3 33. Qxd3 Nc4 34. Re7 Qd8 35. Qe2 Bf8 36. Re6 Bxb4 37. axb4 Nfd6 38. Nh2 Nf5 39. Ng4 Nxd4 40. Nxf6+ Kf7 0-1